000 01110nam a22003617a 4500
001 0000754
003 KOHA_MİRAKIL
005 20260207001219.0
007 ta
008 081212b2006 tu |||gr||||#||||0|tur |
020 _cYTL12,69
040 _aTR-BiSEU
_btur
_cTR-BiSEU
_erda
041 0 _atur
044 _ctu
050 _aHF5548.32
_b.E73 2006
100 1 _aErdağ, Nevzat.
245 1 _aElektronik ticaret el kitabı/
_cNevzat Erdağ ; Nevzat Erdağ, Emel Batuman.
264 1 _aİstanbul :
_bArıkan
_c2006
300 _avii, 170 sayfa; 21 cm.
336 _ametin
_btxt
_2rdacontent
337 _aaracısız
_bn
_2rdamedia
338 _acilt
_bnc
_2rdacarrier
490 1 _aBilgi serisi ;
_v5.
500 _aKaynakça var.
650 0 _aElektronik ticaret.
_92970
650 0 _aElectronic commerce.
_93152
650 0 _aTicari teşebbüsler--Bilgisayar ağları.
_93178
650 0 _aBusiness enterprises--Computer networks.
_93179
650 0 _aİşletme--Bilgi işlem.
_93180
650 0 _aBusiness--Data processing.
_93181
830 1 _aBilgi serisi ;
_v5.
_93182
942 _2lcc
_cBK
999 _c752
_d752